000 00784nam a2200253 i 4500
001 6371
003 ES-MaACL
005 20251110063215.0
007 t|
008 891006s1988 fr ||||1| fre d
020 _a2-234-02116-2
080 _a323.13(=924)
080 _a9(=924)
100 1 _aGrégoire, Henri,
_d1750-1831
_959883
245 1 0 _aEssai sur la regeneration physique, morale et politique des Juifs /
_cAbbe Gregoire ; preface de Robert Badinter.
260 _aParis :
_bStock,
_c1988.
300 _a203 p. ;
_c23 cm.
490 1 _aJudaisme/Israel
650 1 4 _aJudíos-
_xCuestión.
_913981
700 1 _aBadinter, Robert.
_924557
830 0 _aJudaisme/Israel
_9227799
852 _aES-MaACL
_jL-13547
_bR.117166
_z. - rust.
999 _c6371
_d6371